| 000 | 00528nam a2200181Ia 4500 | ||
|---|---|---|---|
| 008 | 230917s9999||||xx |||||||||||||| ||und|| | ||
| 020 | _cRS2995 | ||
| 040 |
_e211042 _aMAIN |
||
| 041 | _aEnglish | ||
| 082 | _a595.7 R392I(10) | ||
| 100 | _aRichards, O W | ||
| 245 | 0 | _aIMMS' general textbook of entomology. 2V: V1-Structure, physiology and development | |
| 250 | _a10th ed. | ||
| 260 |
_aNew Delhi _bSpringer(India) _c2013 |
||
| 300 | _aviii, 418 p. | ||
| 500 | _a3531 11/10/2013 13394 22/10/2013 Main Budget | ||
| 942 | _cBK | ||
| 999 |
_c31904 _d31904 |
||